| 000 | 00716nam a22002057a 4500 | ||
|---|---|---|---|
| 999 |
_c63299 _d63299 |
||
| 005 | 20250730123608.0 | ||
| 008 | 250730s2016 en ||||| |||| 00| 0 eng d | ||
| 020 | _a9780323448437 X | ||
| 041 | _aeng | ||
| 080 | _a616.31 S-78 | ||
| 245 |
_a Special care dentistry / _cEditor : Burton S. Wasserman |
||
| 264 |
_aPhiladelphia : _bElsevier, _c 2016. |
||
| 300 |
_axii, pages 551-763 : _billustrations (some color) ; _c24 cm. |
||
| 440 |
_a Dental clinics of North America, v.60, no.3 _925705 |
||
| 653 | _aDental Care, Dentisterie, | ||
| 653 | _aმედიცინა | ||
| 653 | _aსტომატოლოგია | ||
| 700 |
_aWasserman, Burton S _eრედაქტორი _925706 |
||
| 942 |
_2udc _cBK |
||